S-Bahn Stationen der S-Bahn Stuttgart auf einer Karte - Statistiken

Allgemein
  • Dieses Quiz wurde 2.085 mal gespielt
  • Das Durchschnittsergebnis liegt bei 87 aus 146
Antworten auf der Karte
Die Antworten werden auf der Karte rot bzw. grün angezeigt, abhängig davon wie oft sie richtig erraten wurden.
 
Antwortstatistiken
Station % Korrekt
Hauptbahnhof (Tief)
96%
Bad Cannstatt
85%
Stadtmitte
84%
Flughafen/Messe
82%
Schwabstraße
82%
Vaihingen
82%
Esslingen
81%
Ludwigsburg
81%
Böblingen
80%
Feuersee
79%
Universität
77%
Backnang
75%
Herrenberg
74%
Waiblingen
74%
Kirchheim (Teck)
73%
Untertürkheim
73%
Zuffenhausen
73%
Feuerbach
72%
Bietigheim-Bissingen
71%
Filderstadt
71%
Nordbahnhof
71%
Schorndorf
71%
Obertürkheim
70%
Plochingen
70%
Weil der Stadt
67%
Sindelfingen
66%
Leinfelden
64%
Fellbach
62%
Marbach
62%
Rohr
62%
Echterdingen
61%
Kornwestheim
61%
Leonberg
61%
Neckarpark
60%
Nürnberger Straße
54%
Österfeld
53%
Winnenden
52%
Renningen
50%
Wendlingen
49%
Goldberg
47%
Tamm
47%
Weilimdorf
47%
Asperg
45%
Sommerrain
45%
Ditzingen
44%
Korntal
43%
Oberesslingen
43%
Gärtringen
42%
Hulb
42%
Mettingen
40%
Zell
40%
Favoritepark
38%
Nufringen
37%
Ehningen
36%
Freiberg
36%
Neuwirtshaus
36%
Wernau
36%
Oberaichen
33%
Rommelshausen
31%
Winterbach
31%
Altbach
30%
Endersbach
30%
Maichingen
30%
Rutesheim
29%
Stetten-Beinstein
29%
Magstadt
28%
Weiler
28%
Beutelsbach
26%
Renningen Süd
26%
Benningen
25%
Erdmannhausen
25%
Grunbach
25%
Schwaikheim
25%
Maichingen Nord
23%
Höfingen
22%
Malmsheim
22%
Neustadt-Hohenacker
22%
Maubach
21%
Ötlingen
21%
Burgstall
20%
Geradstetten
20%
Kirchberg
20%
Nellmersbach
19%
Keine übereinstimmenden Quizze gefunden
Verteilung der Resultate
Anzahl Personen mit jedem Resultat
Perzentil nach korrekt beantworteten Fragen
Ihre Resultats-Entwicklung
Sie haben dieses Quiz noch nicht gespielt